书目信息 |
| 题名: |
公共关系学
|
|
| 作者: | 于中涛 , 景庆虹 主编 | |
| 分册: | ||
| 出版信息: | 北京 中国农业大学出版社 2004 |
|
| 页数: | 307页 | |
| 开本: | 23cm | |
| 丛书名: | ||
| 单 册: | ||
| 中图分类: | C912.3 | |
| 科图分类: | ||
| 主题词: | 公共关系学--高等学校--教材 , 公共关系学 | |
| 电子资源: | ||
| ISBN: | 7-81066-721-1 | |
| 000 | 00838nam0 2200253 450 | |
| 001 | 070730001352 | |
| 005 | 20071015144718.45 | |
| 010 | @a7-81066-721-1@dCNY22.50 | |
| 100 | @a20040603d2004 em y0chiy0110 ea | |
| 101 | 0 | @achi |
| 102 | @aCN@b110000 | |
| 105 | @ay z 000yy | |
| 200 | 1 | @a公共关系学@Agong gong guan xi xue@f于中涛,景庆虹主编 |
| 210 | @a北京@c中国农业大学出版社@d2004 | |
| 215 | @a307页@d23cm | |
| 300 | @a高等农林院校精品课程建设教材(人文素质教育丛书) | |
| 330 | @a本书从公共关系学概念体系入手,系统地阐述了公共关系的产生与发展、公共关系的基本功能,其危机管理、组织机构、从业人员等。 | |
| 606 | 0 | @a公共关系学@x高等学校@j教材 |
| 606 | 0 | @a公共关系学 |
| 690 | @aC912.3@v4 | |
| 701 | 0 | @a于中涛@Ayu zhong tao@4主编 |
| 701 | 0 | @a景庆虹@Ajing qing hong@4主编 |
| 801 | 0 | @aCN@c20071015 |
| 905 | @dC912.3@eY735 | |
| 公共关系学/于中涛,景庆虹主编.-北京:中国农业大学出版社,2004 |
| 307页;23cm |
| 高等农林院校精品课程建设教材(人文素质教育丛书) |
| ISBN 7-81066-721-1:CNY22.50 |
| 本书从公共关系学概念体系入手,系统地阐述了公共关系的产生与发展、公共关系的基本功能,其危机管理、组织机构、从业人员等。 |
| ● |
| 相关链接 |
|
|
|
正题名:公共关系学
索取号:C912.3/Y735
 
预约/预借
| 序号 | 登录号 | 条形码 | 馆藏地/架位号 | 状态 | 备注 |
| 1 | 653197 | 206531975 | 社科库509/509社科库 59排5列1层/ [索取号:C912.3/Y735] | 在馆 |